| 000 | 00427cam a2200181ua 4500 | ||
|---|---|---|---|
| 001 | 3373 | ||
| 008 | 111019n ii |||gr||||Z||||||asm | ||
| 040 | _cMAIN | ||
| 082 | _a891.4513 | ||
| 100 | 1 | _aBaruah, Kanchan., | |
| 245 | 1 | 1 |
_aSubarna Boloi _cby Kanchan Baruah |
| 250 | _a2nd. | ||
| 260 |
_aGuahati: _bJyoti Prakashan,986. |
||
| 300 |
_a243p: _c23cm. |
||
| 653 | _aAssamese novel | ||
| 653 | _aSubarna Boloi | ||
| 942 | _cBK | ||
| 999 |
_c3218 _d3218 |
||